| 000 | 02399cam a22004698i 4500 | ||
|---|---|---|---|
| 001 | 22764496 | ||
| 003 | OSt | ||
| 005 | 20260122171519.0 | ||
| 006 | m |o d | | ||
| 007 | cr_||||||||||| | ||
| 008 | 220418s2024 nyu job 001 0 eng | ||
| 010 | _a 2022018571 | ||
| 020 |
_a9781266792892 _q(ebook other) |
||
| 020 |
_z9781266349560 _q(hardcover) |
||
| 020 |
_z9781266791598 _q(spiral bound) |
||
| 020 |
_a9781266791512 _q(ebook) |
||
| 020 |
_z9781266120909 _q(hardcover) |
||
| 035 | _a22764496 | ||
| 040 |
_beng _cFoundation University _erda |
||
| 042 | _apcc | ||
| 050 | 0 | 0 |
_aBF 713 _b.2024 P37 |
| 100 | 1 |
_aPapalia, Diane E., _eauthor. _914310 |
|
| 245 | 1 | 0 |
_aExperience human development / _cDiane E. Papalia, Gabriela Martorell. |
| 250 | _aFifteenth edition. | ||
| 263 | _a2301 | ||
| 264 | 1 |
_aNew York, NY : _bMcGraw Hill Education, _c[2024] _42024. |
|
| 300 |
_alx, 573 pages, G11, B102, I49 : _bcolor illustrations ; _c27 cm. _3resource _fvolume |
||
| 336 |
_atext _btxt _2rdacontent |
||
| 337 |
_acomputer _bc _2rdamedia |
||
| 338 |
_aonline resource _bcr _2rdacarrier _3resource |
||
| 504 | _aIncludes bibliographical references and index. | ||
| 520 |
_a"Experience Human Development helps students experience the human side of development by exposing them to culture and diversity, immersing them in practical application, and helping them study smarter through personalized learning and reporting. Experience Human Development takes a practical approach to research and recognizes that just as people develop in their own way, your students also learn in their own ways"-- _cProvided by publisher. |
||
| 521 |
_aAges 18+ _bMcGraw Hill Education. |
||
| 588 | _aDescription based on print version record and CIP data provided by publisher; resource not viewed. | ||
| 650 | 0 |
_aDevelopmental psychology. _914182 |
|
| 650 | 0 |
_aDevelopmental psychobiology. _914311 |
|
| 658 | _aPsychology, Bachelor of Science in. | ||
| 700 | 1 |
_aMartorell, Gabriela, _eauthor. _914312 |
|
| 776 | 0 | 8 |
_iPrint version: _aPapalia, Diane E. _tExperience human development _bFifteenth edition. _dNew York, NY : McGraw Hill Education, [2024] _z9781266349560 _w(DLC) 2022018570 |
| 856 |
_uhttps://drive.google.com/file/d/1s1Vw-pBO_IRI1cLEOJysX_mWxFLcioLm/view?usp=sharing _yClick here to view the table of content |
||
| 942 |
_2lcc _cBK _eFifteenth edition. _hBF 713 _i.2024 P37 _k(CAS-Psy.) |
||
| 999 |
_c5462 _d5462 |
||